[Event "Ufa Startsev Memorial"]
[Site "Ufa"]
[Date "2024.02.09"]
[Round "5"]
[White "Khismatullin, Denis Rimovich"]
[Black "Fakhretdinov, Rinat"]
[Result "1/2-1/2"]
[WhiteElo "2579"]
[BlackElo "2288"]
[PlyCount "91"]
[EventDate "2024.02.06"]
[EventType "swiss"]
[EventRounds "9"]
[EventCountry "RUS"]
[SourceTitle "CB07_2024"]
[SourceDate "2024.02.14"]
[SourceVersion "1"]
[SourceVersionDate "2024.02.14"]
[SourceQuality "1"]

1. d4 d5 2. c4 e6 3. Nf3 Nf6 4. Nc3 Be7 5. g3 0-0 6. Bg2 dxc4 7. Ne5 c5 8. dxc5 Qxd1+ 9. Nxd1 Bxc5 10. Ne3 Nc6 11. Bxc6 bxc6 12. N3xc4 Ba6 13. Be3 Bxe3 14. Nxe3 c5 15. f3 Rfd8 16. Kf2 Rd2 17. N3c4 Rd4 18. Rhc1 Nd7 19. Rc2 Nb6 20. Na5 f6 21. Nec6 Rd6 22. a4 Nxa4 23. Rxa4 Bb5 24. Ne7+ Kf7 25. Rh4 Kxe7 26. Rxc5 a6 27. Rxh7 Kf7 28. Nc4 Rc6 29. Rhh5 Rxc5 30. Rxc5 Bxc4 31. Rxc4 Rb8 32. Rc2 Rb3 33. g4 g5 34. Kg3 Kg6 35. h4 gxh4+ 36. Kxh4 e5 37. g5 fxg5+ 38. Kg4 e4 39. fxe4 Kf6 40. Rc6+ Ke5 41. Rxa6 Rxb2 42. Kf3 Rb3+ 43. e3 g4+ 44. Kxg4 Rxe3 45. Ra8 Rxe4+ 46. Kg5 1/2-1/2

[Event "RUS-chT Rapid"]
[Site "Sochi"]
[Date "2023.10.18"]
[Round "3.26"]
[White "Tsydypov, Zhamsaran"]
[Black "Fakhretdinov, Rinat"]
[Result "1-0"]
[WhiteElo "2548"]
[BlackElo "2267"]
[PlyCount "73"]
[EventDate "2023.10.18"]
[EventType "team-swiss (rapid)"]
[EventRounds "9"]
[EventCountry "RUS"]
[SourceTitle "Mega2024 Update 01"]
[Source "Chessbase"]
[SourceDate "2023.11.12"]
[SourceVersion "1"]
[SourceVersionDate "2023.11.12"]
[SourceQuality "1"]
[WhiteTeam "Tatarstan Ladya"]
[BlackTeam "Bashkortostan Tolpar"]
[WhiteTeamCountry "RUS"]
[BlackTeamCountry "RUS"]

1. e4 e5 2. Nf3 Nc6 3. Bc4 Bc5 4. d3 Nf6 5. c3 a6 6. Bb3 0-0 7. Nbd2 h6 8. 0-0 d6 9. h3 Ba7 10. Re1 Nh5 11. Nf1 Qf6 12. Ne3 Nf4 13. Ng4 Bxg4 14. hxg4 Ne7 15. Rf1 Rad8 16. g3 Ne6 17. Kg2 d5 18. Qe1 Nc5 19. g5 Qd6 20. gxh6 Nxd3 21. Qe2 Nxc1 22. Raxc1 gxh6 23. exd5 Nxd5 24. Rh1 Qg6 25. Bxd5 Rxd5 26. Rh4 Re8 27. Rch1 e4 28. Rxh6 exf3+ 29. Qxf3 Rf5 30. Rxg6+ fxg6 31. Qxb7 Rxf2+ 32. Kh3 Bb6 33. Qc6 Kf7 34. Kg4 Re6 35. Qd7+ Kf6 36. Qd8+ Re7 37. Re1 1-0

[Event "St Petersburg Korchnoi Memorial op"]
[Site "St Petersburg"]
[Date "2019.08.20"]
[Round "7"]
[White "Fakhretdinov, Rinat"]
[Black "Ponomarev, Denis1111"]
[Result "1-0"]
[WhiteElo "2202"]
[BlackElo "1883"]
[PlyCount "93"]
[EventDate "2019.08.14"]
[EventType "swiss"]
[EventRounds "9"]
[EventCountry "RUS"]
[SourceTitle "CBM 192"]
[Source "ChessBase"]
[SourceDate "2019.10.31"]
[SourceVersion "1"]
[SourceVersionDate "2019.10.31"]
[SourceQuality "1"]

1. e4 c5 2. Nf3 e6 3. d4 cxd4 4. Nxd4 Nc6 5. Nb5 d6 6. c4 a6 7. N5c3 Nf6 8. Be2 Be7 9. 0-0 0-0 10. Be3 Qc7 11. Nd2 b6 12. Rc1 Ne5 13. f3 Bb7 14. Qe1 Rac8 15. Qf2 Ned7 16. a3 Bd8 17. b4 Qb8 18. Rfd1 Bc7 19. Nf1 h6 20. Qh4 Rfe8 21. Kh1 Bc6 22. Bg1 Nf8 23. Bd4 N8d7 24. Ng3 b5 25. Nh5 Nxh5 26. Qxh5 Ne5 27. cxb5 axb5 28. a4 bxa4 29. b5 Ba8 30. Nxa4 Ng6 31. b6 Bd8 32. Qb5 Bg5 33. Rxc8 Rxc8 34. Qb2 d5 35. Ba6 dxe4 36. Bxc8 Qxc8 37. fxe4 e5 38. Bg1 Qg4 39. Nc3 Nh4 40. Rf1 Nf3 41. Qe2 Nxh2 42. Bxh2 Qh4 43. Nd5 f5 44. Ra1 Bxd5 45. exd5 Bf4 46. g3 Bxg3 47. b7 1-0

[Event "St Petersburg Korchnoi Memorial op"]
[Site "St Petersburg"]
[Date "2019.08.18"]
[Round "5"]
[White "Fakhretdinov, Rinat"]
[Black "Smirnov, Timofey"]
[Result "1/2-1/2"]
[WhiteElo "2202"]
[BlackElo "2354"]
[PlyCount "84"]
[EventDate "2019.08.14"]
[EventType "swiss"]
[EventRounds "9"]
[EventCountry "RUS"]
[SourceTitle "CBM 192"]
[Source "ChessBase"]
[SourceDate "2019.10.31"]
[SourceVersion "1"]
[SourceVersionDate "2019.10.31"]
[SourceQuality "1"]

1. e4 e5 2. Nf3 Nc6 3. Bc4 Bc5 4. c3 Nf6 5. d4 exd4 6. cxd4 Bb4+ 7. Bd2 Bxd2+ 8. Nbxd2 d5 9. exd5 Nxd5 10. 0-0 0-0 11. Rc1 Nb6 12. Bb3 Ne7 13. Ne4 c6 14. Ne5 Nbd5 15. Qf3 a5 16. Rfd1 Ra7 17. h3 Bf5 18. Nc5 Qd6 19. Re1 Bg6 20. Ncd7 Rd8 21. Nb6 h6 22. Nxd5 Nxd5 23. Rc5 Qe6 24. Bxd5 Rxd5 25. Rxd5 cxd5 26. Qc3 Ra8 27. Nxg6 Qxg6 28. Qc7 Qc6 29. Re7 Rc8 30. Qxc6 bxc6 31. Ra7 Rb8 32. b3 Rb4 33. Kf1 Rxd4 34. Ke2 c5 35. Ra8+ Kh7 36. Rxa5 c4 37. bxc4 dxc4 38. Rc5 Kg6 39. a4 c3 40. a5 Rd2+ 41. Ke3 Ra2 42. Rc6+ f6 1/2-1/2

[Event "St Petersburg Korchnoi Memorial op"]
[Site "St Petersburg"]
[Date "2019.08.16"]
[Round "3"]
[White "Fakhretdinov, Rinat"]
[Black "Burmakin, Vladimir"]
[Result "1-0"]
[WhiteElo "2202"]
[BlackElo "2508"]
[PlyCount "185"]
[EventDate "2019.08.14"]
[EventType "swiss"]
[EventRounds "9"]
[EventCountry "RUS"]
[SourceTitle "CBM 192"]
[Source "ChessBase"]
[SourceDate "2019.10.31"]
[SourceVersion "1"]
[SourceVersionDate "2019.10.31"]
[SourceQuality "1"]

1. e4 c6 2. d4 d5 3. Nd2 dxe4 4. Nxe4 Nd7 5. Bc4 Ndf6 6. Nxf6+ Nxf6 7. c3 g6 8. Nf3 Bg7 9. 0-0 0-0 10. Bf4 Nd5 11. Be5 Bh6 12. Re1 Be6 13. Qe2 Qd7 14. Bg3 Rae8 15. Bb3 Qd8 16. Ne5 Bc8 17. h3 Nf6 18. Bh4 Bg7 19. Qf3 Nd5 20. Rad1 f6 21. Nd3 e6 22. Nc5 Kh8 23. Bg3 Qe7 24. Bh2 b6 25. Nd3 Qd7 26. Nf4 Bh6 27. Ba4 b5 28. Bc2 Nxf4 29. Bxf4 Bxf4 30. Qxf4 Kg7 31. h4 Rd8 32. h5 Qd6 33. Qe4 f5 34. Qh4 h6 35. hxg6 Rf6 36. Rd3 Rxg6 37. Rh3 Kh8 38. g3 Qf8 39. Qf4 Rf6 40. Rh4 Bd7 41. Kf1 Qg7 42. Ke2 Rdf8 43. Kd2 Kg8 44. Rd1 Qg5 45. Rdh1 Qxf4+ 46. Rxf4 Rc8 47. a4 c5 48. axb5 Bxb5 49. Re1 cxd4 50. Rxd4 Rc7 51. Re5 Bd7 52. b4 Kf7 53. c4 Ke7 54. c5 Bb5 55. Bb3 Rd7 56. Rxd7+ Kxd7 57. Ke3 Rg6 58. f3 a6 59. Kf4 Ke7 60. Re1 h5 61. Re3 Kd7 62. Ke5 Rxg3 63. Bxe6+ Kc7 64. Bxf5 h4 65. Kf4 Rg7 66. Bg4 Rh7 67. Re1 Rf7+ 68. Kg5 Bc6 69. Bh5 Rf8 70. Kxh4 Rf4+ 71. Kg5 Rxb4 72. f4 Rb2 73. f5 Rg2+ 74. Kf4 Rf2+ 75. Ke5 Rc2 76. Kd4 Rf2 77. Bg6 a5 78. Re7+ Kb8 79. Ke5 a4 80. Kd6 Bb7 81. Re3 Bc8 82. Ke5 Rg2 83. Bf7 Rc2 84. f6 Rxc5+ 85. Bd5 Bb7 86. Rd3 Rc8 87. f7 Rh8 88. Kf6 Bxd5 89. Rxd5 Kc7 90. Kg7 Ra8 91. f8Q Rxf8 92. Kxf8 Kb6 93. Ke7 1-0

[Event "Samara Polugaevsky Memorial 7th"]
[Site "Samara"]
[Date "2017.07.14"]
[Round "7"]
[White "Ovchinnikov, Vsevolod"]
[Black "Fakhretdinov, Rinat"]
[Result "1/2-1/2"]
[WhiteElo "2381"]
[BlackElo "2215"]
[PlyCount "120"]
[EventDate "2017.07.08"]
[EventType "swiss"]
[EventRounds "9"]
[EventCountry "RUS"]
[SourceTitle "EXT 2018"]
[Source "ChessBase"]
[SourceDate "2017.10.13"]
[SourceVersion "1"]
[SourceVersionDate "2017.10.13"]
[SourceQuality "1"]

1. Nf3 d5 2. c4 d4 3. b4 f6 4. Qa4+ Bd7 5. Qb3 e5 6. e3 c5 7. bxc5 Bc6 8. Bb2 d3 9. Nh4 Na6 10. Ba3 Nh6 11. Bxd3 e4 12. Be2 Bxc5 13. g3 Qa5 14. 0-0 0-0-0 15. Bb2 Ba4 16. Bc3 Bb4 17. Qb2 Rd6 18. Bxb4 Nxb4 19. Nc3 Bc6 20. Nb5 Bxb5 21. cxb5 Kb8 22. Rfc1 Nd3 23. Bxd3 Rxd3 24. Qc2 g5 25. Nf3 Ng4 26. Qc4 f5 27. h3 Rhd8 28. hxg4 exf3 29. gxf5 Qb6 30. Qg4 Rxd2 31. Qxf3 Qf6 32. Rab1 R8d5 33. g4 h5 34. Qg3+ Qe5 35. Qxe5+ Rxe5 36. b6 axb6 37. Rxb6 hxg4 38. Rcb1 Rxf5 39. Rxb7+ Kc8 40. Rb8+ Kc7 41. R8b7+ Kc8 42. R7b2 Rfxf2 43. Rxd2 Rxd2 44. a4 Rd3 45. Kf2 Ra3 46. Rb4 g3+ 47. Kf3 g2 48. Rg4 Rxa4 49. Rxg5 Kd7 50. Rxg2 Ke6 51. Rg5 Kf6 52. Rb5 Ke6 53. Rc5 Kf6 54. Ke2 Ke6 55. Kd3 Ra3+ 56. Ke4 Ra4+ 57. Kf3 Kf6 58. Rc8 Ke6 59. Re8+ Kf7 60. Rb8 Ke6 1/2-1/2

[Event "Samara Polugaevsky Memorial 7th"]
[Site "Samara"]
[Date "2017.07.10"]
[Round "3"]
[White "Vastrukhin, Oleg"]
[Black "Fakhretdinov, Rinat"]
[Result "1/2-1/2"]
[WhiteElo "2396"]
[BlackElo "2215"]
[PlyCount "81"]
[EventDate "2017.07.08"]
[EventType "swiss"]
[EventRounds "9"]
[EventCountry "RUS"]
[SourceTitle "EXT 2018"]
[Source "ChessBase"]
[SourceDate "2017.10.13"]
[SourceVersion "1"]
[SourceVersionDate "2017.10.13"]
[SourceQuality "1"]

1. Nf3 d5 2. g3 c6 3. Bg2 Bg4 4. Ne5 Bf5 5. d4 Nd7 6. 0-0 Ngf6 7. c4 e6 8. Nc3 Nxe5 9. dxe5 Ng4 10. cxd5 cxd5 11. e4 dxe4 12. Qa4+ Qd7 13. Qxd7+ Kxd7 14. Bf4 f6 15. Rfd1+ Ke8 16. h3 Nxe5 17. Nxe4 Rd8 18. g4 Bxe4 19. Bxe4 Bd6 20. Bxb7 Nf3+ 21. Bxf3 Bxf4 22. b4 Ke7 23. a4 Rxd1+ 24. Bxd1 Rc8 25. b5 Rc1 26. Rxc1 Bxc1 27. a5 Bf4 28. Bc2 h6 29. b6 axb6 30. axb6 g5 31. b7 Bb8 32. Kg2 Kd6 33. Kf3 Ba7 34. Bb3 Kc7 35. Bxe6 Kxb7 36. Kg2 Kc7 37. Kh1 Kd6 38. Bf5 Bxf2 39. Kg2 Bc5 40. Kf3 Ke5 41. Bg6 1/2-1/2

[Event "Tuimazy RB-ch 00/01"]
[Site "Tuimazy"]
[Date "2015.08.18"]
[Round "9"]
[White "Gabdullin, Eduard"]
[Black "Fakhretdinov, Rinat"]
[Result "0-1"]
[WhiteElo "1452"]
[BlackElo "2098"]
[PlyCount "76"]
[EventDate "2015.08.18"]
[EventType "tourn"]
[EventRounds "9"]
[EventCountry "RUS"]
[SourceTitle "EXT 2022"]
[Source "ChessBase"]
[SourceDate "2021.10.06"]
[SourceVersion "1"]
[SourceVersionDate "2021.10.06"]
[SourceQuality "1"]

1. e4 c5 2. Nf3 Nc6 3. Bc4 e6 4. d4 cxd4 5. Nxd4 Bc5 6. Nxc6 Qf6 7. 0-0 bxc6 8. Bd2 d6 9. Bc3 e5 10. Nd2 Ne7 11. Qf3 Qg6 12. b4 Bb6 13. b5 0-0 14. bxc6 Nxc6 15. Bd5 Bg4 16. Qg3 Rac8 17. h3 Be2 18. Qxg6 hxg6 19. Rfe1 Ba6 20. Bb3 Nd4 21. Bxd4 Bxd4 22. Rad1 Bc5 23. Nf3 Rc7 24. c4 Rfc8 25. Rc1 Ba3 26. Rc2 Bxc4 27. Re3 Bb4 28. Nd2 Ba6 29. Rxc7 Rxc7 30. Nf3 Rc1+ 31. Kh2 Bc5 32. Re1 Rxe1 33. Nxe1 Bxf2 34. Nf3 Be3 35. Ne1 Kf8 36. Bc2 Bc5 37. a3 Bd3 38. Nxd3 Bd4 0-1